000 00557nam a2200157 4500
001 8095
005 20181127185102.0
020 0 0 _a9789993698739
090 0 0 _a595.789
100 0 0 _aDorji, Cheten.
245 0 0 _aA field guide to the common lady beetles of Bhutan /
_b
_cCheten Dorji, Phuntsho Loday, Oscar Vorst.
_h
260 0 0 _aThimphu Bhutan ;
_bNational Biodiversity Centre, Ministry of Agriculture, Royal Government of Bhutan.
_c2017.
300 0 0 _aviii, 53 pages : coll. ill ; 21 cm
650 0 0 _aBeetles -- Bhutan.
_x
999 _c6972
_d6972